000
00378nam a2200133Ia 4500
008
151001s9999||||xx |||||||||||||| ||und||
100
_a
उषादेवी विजय कोल्हाटकर
245
_a
तृषार्तमी
250
_a
1
260
_b
मेनका प्रकाशन पुणे
260
_c
1968
300
_a
138
365
_b
17
999
_c
962249
_d
962246